Города по Фото — В - Statistics

General Stats
  • This quiz has been taken 35 times
  • The average score is 7 of 20
Answer Stats
Picture Answer % Correct
Волгоград
90%
Венеция
85%
Вашингтон
85%
Вена
55%
Варшава
50%
Вологда
50%
Ватикан
45%
Вильнюс
35%
Веллингтон
35%
Верона
35%
Ванкувер
30%
Великий Новгород
30%
Валенсия
25%
Выборг
25%
Версаль
25%
Вьентьян
20%
Великий Устюг
20%
Вальпараисо
0%
Виллемстад
0%
Вифлеем
0%
No matching quizzes found
Score Distribution
Percent of People with Each Score
Percentile by Number Answered
Your Score History
You have not taken this quiz